000 00781nam a2200253Ia 4500
003 OSt
005 20220918170424.0
006 a|||||r|||| 00| 0
007 ta
008 220917b |||||||| |||| 00| 0 eng d
020 _a9780226045207 (pbk)
_c1599.78
024 _a281,222
037 _b7160, 12/03/2014, Efficient Book Distributors
_cTextual
040 _aARTS
_cARTS
_beng
041 _2eng
_aeng
082 _aQ60aW, Q3
100 _aZizek Slavoj
_923619
245 0 _aNeighbor
_b Three inquiries in political theology
260 _aChicago
_bThe University Press USA
_c2013
300 _ax,190p.
_ccm.
650 _aRELIGION
942 _hQ60aW, Q3
_cTEXL
_2CC
999 _c134051
_d134051